01825nam a2200385 4500003000900000005001700009008004100026040004300067041000800110082002300118092000700141099003100148100003300179245009500212264003300307300002600340336002400366337002800390338004300418490009400461500006200555500002500617504006000642546002400702650003800726651001000764700003400774856005700808905001300865942001900878999001700897952017500914952017501089952017501264EG-GICUC20260121101347.0251126s1977 fr ||||fr|||| 00| 0 fre d aEG-GiCUCbfrecEG-GiCUCdEG-GiCUCeRda afre04221a341.1bZ O . B04221 aLaw1 11 341.1 Z O . B 19771 aZoller, Élisabeth.eAuteur13aLa bonne foi en droit international public /clisabeth Zoller ; préf. de Suzanne Bastid. 1aParis :bA. Pédone,c1977. a392 page : c 24 cm. 2rda contenua texte 2rda mediasaOrdinateur 2 transporteur rdaa Ressource en ligne 3Publication de la Revue générale de droit international public ; nouv. sér., no 28. aOriginally presented as the author’s thesis, Paris II.  aSummary in English.  aIncludes bibliographical references. Includes indexes.  aTexte en français1 aDroit international public2qrmak1 2qrmak1 aBastid, Suzanne,ePréfacier40uhttps://fll.law.cu.edu.eg/fulltext/bks/B11-06150.pdf a75eYara 2ddcn0cBKe21 c46197d46197 00102ddc40718القانون الدولي العامaCUbLAW1d2025-11-26l0oLaw1 11 341.1 Z O . B 1977 1106150 C1pB11-06150r2025-11-26 10:58:53t1w2025-11-26yBK 00102ddc40708القانون الدولي العامaCUbLAW1d2025-11-29l0oLaw1 11 341.1 Z O . B 1977 1105768 C2pB11-05768r2025-11-29 11:41:30t2w2025-11-29yBK 00102ddc40718القانون الدولي العامaCUbLAW2d2025-11-29l0oLaw2 11 341.1 Z O . B 1977 1105769 C3pB11-05769r2025-11-29 11:41:59t3w2025-11-29yBK